书目信息 |
| 题名: |
画法几何及工程制图
|
|
| 作者: | 唐克忠 , 朱同钧 主编 | |
| 分册: | ||
| 出版信息: | 北京 高等教育出版社 2009.07 |
|
| 页数: | 348页 | |
| 开本: | 26cm | |
| 丛书名: | ||
| 单 册: | ||
| 中图分类: | TB23 | |
| 科图分类: | ||
| 主题词: | 工程制图 | |
| 电子资源: | ||
| ISBN: | 978-7-04-026290-2 | |
| 000 | 00685nam0 2200229 450 | |
| 001 | 237 | |
| 005 | 20161107103414.22 | |
| 010 | @a978-7-04-026290-2@dCNY42.90 | |
| 100 | @a20160721d2009 km y0chiy0120 ea | |
| 101 | 0 | @achi |
| 102 | @aCN@b110000 | |
| 200 | 1 | @a画法几何及工程制图@Ahua fa ji he ji gong cheng zhi tu@f唐克忠,朱同钧主编@Ftang ke zhong,zhu tong jun zhu bian |
| 205 | @a第四版 | |
| 210 | @a北京@c高等教育出版社@d2009.07 | |
| 215 | @a348页@d26cm | |
| 300 | @a附光盘一张 | |
| 606 | 0 | @a工程制图 |
| 690 | @aTB23@v4 | |
| 701 | 0 | @a唐克忠@Atang ke zhong@4主编 |
| 701 | 0 | @a朱同钧@Azhu tong jun@4主编 |
| 801 | 0 | @aCN@b唐山师范学院图书馆@c20160721 |
| 905 | @aZUCC@dTB23@e163=4 | |
| 画法几何及工程制图/唐克忠,朱同钧主编.-第四版.-北京:高等教育出版社,2009.07 |
| 348页;26cm |
| 附光盘一张 |
| ISBN 978-7-04-026290-2:CNY42.90 |
| ● |
| 相关链接 |
|
|
|
|
正题名:画法几何及工程制图
索取号:TB23/163=4
 
预约/预借
| 序号 | 登录号 | 条形码 | 馆藏地/架位号 | 状态 | 备注 |
| 1 | 900943 | 209009437 | 第二样本阅览室/ [索取号:TB23/163=4] | 在馆 | |
| 2 | 900944 | 209009446 | 第三借阅区/ [索取号:TB23/163=4] | 在馆 | |
| 3 | 900945 | 209009455 | 第三借阅区/ [索取号:TB23/163=4] | 在馆 | |
| 4 | 900946 | 209009464 | 第三借阅区/ [索取号:TB23/163=4] | 在馆 | |
| 5 | 900947 | 209009473 | 第三借阅区/ [索取号:TB23/163=4] | 在馆 |